[Event "Lansing (Mini-Swiss.2/3)"]
[Site "?"]
[Date "1990.??.??"]
[Round "?"]
[White "Brattin, Vincent"]
[Black "Calton, Bill"]
[Result "1/2-1/2"]
[WhiteElo "1975"]
[BlackElo "2075"]
[PlyCount "104"]
[EventDate "1990.??.??"]

{2/(3)} 1. e4 g6 2. d4 Bg7 3. Nc3 d6 4. Bc4 Nf6 5. Nge2 Nbd7 6. O-O e5 7. dxe5
Nxe5 8. Bb3 Be6 9. Kh1 O-O 10. f4 Nc6 11. f5 Bxb3 12. axb3 Qd7 13. Ng3 Rad8 14.
Nd5 Rde8 15. Nxf6+ Bxf6 16. Bh6 Bxb2 17. Bxf8 Bxa1 18. Bxd6 Qxd6 19. Qxa1 Qe5
20. Qd1 f6 21. Qf3 Nd4 22. Qd3 g5 23. Qc4+ Kf8 24. Rd1 Nc6 25. c3 Rd8 26. Rxd8+
Nxd8 27. Nf1 Nf7 28. h3 c6 29. Nd2 Nd6 30. Qd3 Ke7 31. Nc4 Nxc4 32. Qxc4 h5 33.
Qd3 h4 34. Qe3 b6 35. Qd3 Qd6 36. Qc4 b5 37. Qe2 Qc5 38. Qd3 a5 39. Qd2 Qd6 40.
Qc2 Kd7 41. c4 Qc5 42. Qd2+ Qd6 43. Qxa5 Qd1+ 44. Kh2 Qxb3 45. Qa7+ Kd6 46.
Qd4+ Kc7 47. cxb5 cxb5 48. Qxf6 Qg3+ 49. Kg1 Qe1+ 50. Kh2 Qg3+ 51. Kg1 Qe1+ 52.
Kh2 Qg3+ 1/2-1/2

[Event "Lansing (Mini-Swiss.1/2)"]
[Site "?"]
[Date "1990.??.??"]
[Round "?"]
[White "Brattin, Vincent"]
[Black "Baze, Lineas"]
[Result "0-1"]
[WhiteElo "1930"]
[BlackElo "2070"]
[PlyCount "44"]
[EventDate "1990.??.??"]

{1/(2)} 1. e4 c5 2. d4 cxd4 3. c3 dxc3 4. Nxc3 Nc6 5. Bc4 e6 6. Nf3 d6 7. Bf4
a6 8. O-O Nf6 9. Qe2 Be7 10. Rfd1 Qc7 11. e5 dxe5 12. Nxe5 Nxe5 13. Bxe5 Qa5
14. Bd6 Bxd6 15. Rxd6 O-O 16. Rad1 b5 17. Bb3 Bb7 18. f3 Rad8 19. Ne4 Nxe4 20.
fxe4 Rxd6 21. Rxd6 Rd8 22. Rd3 Rxd3 0-1

[Event "Flint (MEX/2)"]
[Site "?"]
[Date "1990.??.??"]
[Round "?"]
[White "Brattin, Vincent"]
[Black "Avery, Robert W"]
[Result "0-1"]
[WhiteElo "2005"]
[BlackElo "2210"]
[PlyCount "76"]
[EventDate "1990.??.??"]

1. e4 e5 2. Nf3 Nc6 3. Bb5 Bc5 4. c3 Nf6 5. d3 d6 6. h3 Bd7 7. O-O O-O 8. b4
Bb6 9. Na3 a6 10. Bc4 Ne7 11. Re1 c6 12. d4 exd4 13. cxd4 d5 14. e5 dxc4 15.
exf6 gxf6 16. Nxc4 Bc7 17. Bh6 Re8 18. Nh4 Kh8 19. Qh5 Ng8 20. Qxf7 Rxe1+ 21.
Rxe1 Nxh6 22. Qh5 Qf8 23. Ne3 Re8 24. Rd1 Bf4 25. Nef5 Bg5 26. f4 Qf7 27. Qxf7
Nxf7 28. fxg5 fxg5 29. d5 gxh4 30. Nxh4 Re4 31. dxc6 Bxc6 32. Nf5 Rxb4 33. Re1
Rb2 34. Re7 Rxg2+ 35. Kf1 Ng5 36. Rc7 Nxh3 37. Rc8+ Rg8 38. Rc7 Rf8 0-1

[Event "Flint (Class A/3)"]
[Site "?"]
[Date "1990.??.??"]
[Round "?"]
[White "Brattin, Brian"]
[Black "Zacks, Naum"]
[Result "1/2-1/2"]
[WhiteElo "1850"]
[BlackElo "1910"]
[PlyCount "33"]
[EventDate "1990.??.??"]

1. e3 Nf6 2. d4 d6 3. c4 c5 4. Nc3 cxd4 5. exd4 g6 6. Nf3 Bg7 7. Be2 O-O 8. O-O
Nc6 9. h3 a6 10. Be3 Qa5 11. Qb3 Qb4 12. Qxb4 Nxb4 13. Rac1 Bf5 14. Nh4 Bd3 15.
a3 Bxe2 16. Nxe2 Nc6 17. b4 1/2-1/2

[Event "Lansing (MI Am/5/1)"]
[Site "?"]
[Date "1990.??.??"]
[Round "?"]
[White "Brattin, Brian"]
[Black "Vandivier, Don"]
[Result "0-1"]
[WhiteElo "1885"]
[BlackElo "1925"]
[PlyCount "60"]
[EventDate "1990.??.??"]

{5/(1)} 1. e3 c5 2. d4 g6 3. Nf3 Bg7 4. Bd3 d5 5. c3 Nf6 6. dxc5 O-O 7. O-O Bg4
8. Be2 Ne4 9. h3 Be6 10. Nd4 Nxc5 11. Nxe6 fxe6 12. Nd2 Nc6 13. Nb3 Ne4 14. Nd4
Rf6 15. Qa4 e5 16. Nf3 Qd6 17. Rd1 Nc5 18. Qh4 e4 19. Nh2 Ne5 20. Ng4 Nxg4 21.
Qxg4 Raf8 22. f3 exf3 23. Bxf3 Ne4 24. Bd2 h5 25. Qh4 Rxf3 26. gxf3 Rxf3 27.
Kg2 Rg3+ 28. Kf1 g5 29. Qxh5 Qf6+ 30. Ke2 Qa6+ 0-1

[Event "Lansing (MI Am/4/3)"]
[Site "?"]
[Date "1990.??.??"]
[Round "?"]
[White "Brattin, Brian"]
[Black "Smith, David"]
[Result "1-0"]
[WhiteElo "1885"]
[BlackElo "1975"]
[PlyCount "49"]
[EventDate "1990.??.??"]

{4/(3)} 1. e3 c5 2. d4 cxd4 3. exd4 Nf6 4. Nf3 e6 5. Bd3 Be7 6. O-O O-O 7. Nbd2
b6 8. Ne4 Bb7 9. Re1 Nxe4 10. Bxe4 d5 11. Bd3 Nd7 12. c3 Nf6 13. Qc2 Qc7 14.
Ne5 Rac8 15. Re3 Ne4 16. Rh3 f5 17. f3 Nc5 18. Bf4 Nxd3 19. Qxd3 Bd6 20. Re1
Bxe5 21. Bxe5 Qd7 22. Rg3 Rf7 23. Qd2 Ba6 24. Qh6 Rc6 25. f4 1-0

[Event "Lansing (Feb)"]
[Site "?"]
[Date "1990.??.??"]
[Round "?"]
[White "Brattin, Brian"]
[Black "Rostrom, Richard"]
[Result "1/2-1/2"]
[WhiteElo "1745"]
[BlackElo "1835"]
[PlyCount "56"]
[EventDate "1990.??.??"]

1. e3 Nf6 2. d4 e6 3. c4 Be7 4. Nf3 b6 5. Nc3 Bb7 6. Be2 O-O 7. O-O d6 8. Qc2
Nbd7 9. Bd2 c5 10. a3 cxd4 11. exd4 Rc8 12. b4 Bxf3 13. gxf3 Ne8 14. Kh1 Bf6
15. Qe4 Nc7 16. Bd3 g6 17. Rg1 d5 18. cxd5 Bg7 19. dxe6 Nxe6 20. Ne2 Nf6 21.
Qh4 Nh5 22. Qxd8 Rcxd8 23. Be3 Nxd4 24. Nxd4 Bxd4 25. Rad1 Be5 26. Rge1 Nf4 27.
Bxf4 Bxf4 28. Kg2 Rd6 1/2-1/2

[Event "Lansing (Feb)"]
[Site "?"]
[Date "1990.??.??"]
[Round "?"]
[White "Brattin, Brian"]
[Black "Rosenberg, Steve"]
[Result "1-0"]
[WhiteElo "1835"]
[BlackElo "1790"]
[PlyCount "95"]
[EventDate "1990.??.??"]

1. e3 Nf6 2. d4 g6 3. Nf3 Bg7 4. Bd3 d6 5. b3 b6 6. Bb2 Bb7 7. Nbd2 O-O 8. Qe2
Nbd7 9. e4 Re8 10. O-O e5 11. dxe5 Nxe5 12. Nxe5 dxe5 13. Nc4 Nd7 14. Rad1 Nc5
15. Qg4 Nxd3 16. Rxd3 Qe7 17. Rd7 Qc5 18. Qf3 Re7 19. Ba3 Rxd7 20. Bxc5 bxc5
21. Rd1 Rad8 22. Rxd7 Rxd7 23. Ne3 Rd4 24. Qe2 Rxe4 25. Qb5 Rb4 26. Qxc5 Rb6
27. Qxc7 h6 28. Qb8+ Kh7 29. Qxa7 Rb5 30. a4 Rb4 31. a5 e4 32. a6 Bd5 33. Nxd5
Rd4 34. Ne3 Rd2 35. Qxf7 Re2 36. Kf1 Rd2 37. a7 Rd8 38. Qb7 h5 39. a8=Q Rxa8
40. Qxa8 h4 41. Ng4 e3 42. fxe3 h3 43. gxh3 g5 44. Qe8 Bf8 45. Qxf8 Kg6 46.
Qf6+ Kh7 47. Qf7+ Kh8 48. Nf6 1-0

[Event "Flint (Class A/2)"]
[Site "?"]
[Date "1990.??.??"]
[Round "?"]
[White "Brattin, Brian"]
[Black "Krevinko, S."]
[Result "1-0"]
[WhiteElo "1850"]
[BlackElo "1960"]
[PlyCount "67"]
[EventDate "1990.??.??"]

1. e3 Nf6 2. d4 d5 3. c4 e6 4. Nc3 Be7 5. Nf3 Nbd7 6. Bd3 O-O 7. O-O c5 8. cxd5
exd5 9. Bd2 Nb6 10. Ne5 c4 11. Bc2 Be6 12. Qf3 Nc8 13. b3 Nd6 14. Rab1 Rc8 15.
bxc4 Nxc4 16. Nxc4 dxc4 17. Rxb7 Bd6 18. h3 Bb8 19. Rfb1 h6 20. Ne4 Nh7 21. Nc3
Ng5 22. Qh5 Qf6 23. Ne4 Qf5 24. Nxg5 Qxc2 25. Nxe6 fxe6 26. Qg4 Qh7 27. Qxe6+
Kh8 28. Bc3 Bc7 29. Rc1 Qd3 30. Qg4 Qh7 31. Qd7 g6 32. d5+ Kg8 33. Qxh7+ Kxh7
34. d6 1-0

[Event "Lansing (Mini-Swiss.3/2)"]
[Site "?"]
[Date "1990.??.??"]
[Round "?"]
[White "Brattin, Brian"]
[Black "Gregory, Kevin"]
[Result "1/2-1/2"]
[WhiteElo "1915"]
[BlackElo "1745"]
[PlyCount "58"]
[EventDate "1990.??.??"]

{3/(2)} 1. e3 d5 2. d4 Bf5 3. c4 Nf6 4. Nc3 c6 5. Qb3 Qd7 6. Nf3 dxc4 7. Bxc4
e6 8. O-O Bd6 9. Re1 Ne4 10. Nd2 Nxc3 11. bxc3 Qc7 12. h3 O-O 13. e4 Bg6 14.
Nf3 h6 15. a4 Nd7 16. Ba3 Bxa3 17. Qxa3 Rfd8 18. Re3 Nb6 19. Bb3 Qd6 20. Qxd6
Rxd6 21. c4 Rdd8 22. Rd1 Kf8 23. Ne5 Bh7 24. f4 f6 25. Nf3 Rac8 26. c5 Nd7 27.
Bxe6 Rc7 28. a5 Nxc5 29. Bc4 Nxe4 1/2-1/2

[Event "Flint (Class A/5)"]
[Site "?"]
[Date "1990.??.??"]
[Round "?"]
[White "Brattin, Brian"]
[Black "Calton, Bill"]
[Result "0-1"]
[WhiteElo "1850"]
[BlackElo "2050"]
[PlyCount "100"]
[EventDate "1990.??.??"]

1. e3 c5 2. d4 cxd4 3. exd4 g6 4. Bd3 Bg7 5. Nf3 d6 6. O-O Bg4 7. c3 Nf6 8. h3
Bxf3 9. Qxf3 Nc6 10. Bf4 Qb6 11. Qe2 O-O-O 12. Na3 Rhe8 13. Nc4 Qc7 14. b4 Nd5
15. Bd2 e5 16. Qf3 Nf6 17. dxe5 Nxe5 18. Nxe5 dxe5 19. Bg5 e4 20. Bxe4 Nxe4 21.
Bxd8 Kxd8 22. Rfd1+ Kc8 23. Rac1 f5 24. g3 Ng5 25. Qd5 Rd8 26. Qxd8+ Qxd8 27.
Rxd8+ Kxd8 28. h4 Ne4 29. c4 Kc7 30. Kg2 Kc6 31. f3 Nc3 32. a3 b6 33. Re1 Kd7
34. Re3 Bf6 35. Kf1 Na4 36. Re2 f4 37. gxf4 Nb2 38. c5 bxc5 39. bxc5 Nc4 40.
c6+ Kc7 41. Kg1 Nxa3 42. Rh2 Kxc6 43. h5 g5 44. fxg5 Bxg5 45. Rg2 Be3+ 46. Kf1
Nb5 47. h6 a5 48. Rg7 a4 49. Rxh7 a3 50. Rh8 a2 0-1

[Event "Lansing (MI Am/2/15)"]
[Site "?"]
[Date "1990.??.??"]
[Round "?"]
[White "Brattin, Brian"]
[Black "Brooks, Brion"]
[Result "1-0"]
[WhiteElo "1885"]
[BlackElo "1645"]
[PlyCount "49"]
[EventDate "1990.??.??"]

{2/(15)} 1. e3 Nf6 2. d4 e6 3. c4 b6 4. Nc3 Bb4 5. Bd2 Bb7 6. Nf3 O-O 7. Bd3 c5
8. a3 cxd4 9. axb4 dxc3 10. Bxc3 d5 11. b3 dxc4 12. bxc4 Be4 13. Bxf6 Qxd3 14.
Qxd3 Bxd3 15. Ne5 Be4 16. Bh4 Bxg2 17. Rg1 Bh3 18. Bf6 g6 19. e4 Rc8 20. b5 a6
21. Rg3 Bf5 22. exf5 exf5 23. Rd3 Ra7 24. Rad1 Re8 25. Rd8 1-0

[Event "Flint (MI Senior/4/4)"]
[Site "?"]
[Date "1990.??.??"]
[Round "?"]
[White "Brady, Lindell"]
[Black "Waltz, Glenn"]
[Result "1-0"]
[WhiteElo "1945"]
[BlackElo "1605"]
[PlyCount "103"]
[EventDate "1990.??.??"]

{4/(4)} 1. e4 e5 2. Nf3 Nc6 3. Bb5 a6 4. Ba4 Nf6 5. Bxc6 dxc6 6. d3 Bd6 7. Nbd2
Bg4 8. h3 Bxf3 9. Nxf3 h6 10. O-O Qe7 11. Qe2 O-O 12. b3 Nh7 13. Re1 Rae8 14.
Bb2 Qd8 15. Rad1 c5 16. c3 Ng5 17. Qe3 Nxf3+ 18. Qxf3 Re6 19. d4 Rf6 20. Qd3
cxd4 21. cxd4 Qe7 22. dxe5 Bxe5 23. Bxe5 Qxe5 24. Qd4 Qxd4 25. Rxd4 Rd6 26.
Rxd6 cxd6 27. Rd1 Rd8 28. Rd5 Kf8 29. Kf1 Ke7 30. Ke2 Rc8 31. Rd2 Rc5 32. Rd4
f5 33. Rb4 b5 34. a4 Kf6 35. axb5 Rxb5 36. Rxb5 axb5 37. Kd3 Ke5 38. exf5 Kxf5
39. Kd4 Ke6 40. f4 g6 41. g4 h5 42. Ke4 d5+ 43. Kd4 h4 44. b4 Kd6 45. f5 g5 46.
f6 Ke6 47. f7 Kxf7 48. Kxd5 Kf6 49. Kd6 Kf7 50. Ke5 Kg6 51. Ke6 Kg7 52. Kf5 1-0

[Event "Detroit (MI Op/5/23)"]
[Site "?"]
[Date "1990.??.??"]
[Round "?"]
[White "Brady, Lindell"]
[Black "Hendricks, Marcus"]
[Result "1/2-1/2"]
[WhiteElo "1930"]
[BlackElo "2015"]
[PlyCount "84"]
[EventDate "1990.??.??"]

{5/(23)} 1. e4 c5 2. Nf3 e6 3. b3 Nc6 4. Bb2 d5 5. exd5 exd5 6. d4 Nf6 7. Be2
Bd6 8. O-O O-O 9. Nc3 Re8 10. Re1 Bf5 11. Nb5 Bf8 12. dxc5 Bxc5 13. Nbd4 Nxd4
14. Nxd4 Bg6 15. c3 Ne4 16. Bd3 Qh4 17. Bxe4 Bxe4 18. Re3 Re7 19. f3 Bg6 20.
Qe1 Qxe1+ 21. Raxe1 Rxe3 22. Rxe3 f6 23. Kf2 Kf7 24. Bc1 Bxd4 25. cxd4 Rc8 26.
Ba3 Rc2+ 27. Kg3 Rxa2 28. Re7+ Kg8 29. Bd6 b6 30. Bb8 Rb2 31. Bxa7 Rxb3 32. Rb7
b5 33. Bc5 Bd3 34. Rd7 Bc4 35. h4 Rb1 36. Rb7 h6 37. Kg4 Rg1 38. g3 h5+ 39. Kf4
g5+ 40. hxg5 fxg5+ 41. Kxg5 Rxg3+ 42. Kxh5 Rxf3 1/2-1/2

[Event "Detroit (MI Op/7/30)"]
[Site "?"]
[Date "1990.??.??"]
[Round "?"]
[White "Brady, Lindell"]
[Black "Haakonstad, Olaf"]
[Result "1-0"]
[WhiteElo "1930"]
[BlackElo "1850"]
[PlyCount "85"]
[EventDate "1990.??.??"]

{7/(30)} 1. e4 e5 2. Nf3 Nc6 3. Bb5 a6 4. Ba4 Nf6 5. Bxc6 dxc6 6. d3 Bd6 7.
Nbd2 O-O 8. Nc4 Re8 9. O-O Bg4 10. Ne3 Qd7 11. h3 Bxf3 12. Qxf3 Rad8 13. Nf5
Qe6 14. Bg5 Be7 15. Nxe7+ Rxe7 16. Bxf6 gxf6 17. Qh5 Kh8 18. f4 Rg8 19. fxe5
fxe5 20. Qf5 Rg6 21. Qxe6 Rgxe6 22. Rf5 f6 23. Raf1 Kg7 24. R1f3 Rf7 25. g4 h6
26. h4 Kg6 27. Kg2 Rd7 28. Rg3 Rg7 29. g5 hxg5 30. hxg5 Kf7 31. gxf6 Rxg3+ 32.
Kxg3 a5 33. a4 b5 34. Kf3 Rxf6 35. Ke3 Rxf5 36. exf5 Kf6 37. Ke4 c5 38. Kd5
Kxf5 39. Kxc5 Kf4 40. Kxb5 Ke3 41. Kxa5 Kd2 42. Kb5 Kxc2 43. Kc4 1-0

[Event "Flint (MI Senior/1/4)"]
[Site "?"]
[Date "1990.??.??"]
[Round "?"]
[White "Brady, Lindell"]
[Black "Gregg, Ted"]
[Result "0-1"]
[WhiteElo "1605"]
[BlackElo "1945"]
[PlyCount "80"]
[EventDate "1990.??.??"]

{1/(4)} 1. e4 e5 2. Nf3 Nc6 3. Bb5 a6 4. Ba4 Nf6 5. Bxc6 dxc6 6. d3 Bg4 7. h3
Bxf3 8. Qxf3 Bc5 9. Qg3 Qe7 10. Nd2 O-O-O 11. Nc4 Nd7 12. Be3 Bxe3 13. Qxe3 f6
14. Qa7 Qc5 15. Qxc5 Nxc5 16. O-O Rd4 17. b3 b6 18. a4 a5 19. f4 exf4 20. Rxf4
Ne6 21. Rf5 Rf8 22. Raf1 Rdd8 23. e5 Nd4 24. R5f2 f5 25. Ne3 g6 26. g4 Rde8 27.
Nc4 Re7 28. gxf5 Rxf5 29. Rxf5 Nxf5 30. c3 Kd7 31. d4 Ke6 32. Rf3 Kd5 33. Kf2
c5 34. Ne3+ Nxe3 35. Kxe3 cxd4+ 36. cxd4 c5 37. Rf4 cxd4+ 38. Rxd4+ Kxe5 39.
Rc4 h5 40. Rc6 Kd5+ 0-1

[Event "Detroit (MI Op/3/34)"]
[Site "?"]
[Date "1990.??.??"]
[Round "?"]
[White "Brady, Lindell"]
[Black "Davis, Ralph"]
[Result "1-0"]
[WhiteElo "1930"]
[BlackElo "1605"]
[PlyCount "105"]
[EventDate "1990.??.??"]

{3/(34)} 1. e4 e6 2. d4 d5 3. exd5 exd5 4. Bd3 Nc6 5. c3 Nf6 6. Nf3 Be7 7. O-O
Bg4 8. Bf4 O-O 9. Nbd2 Bd6 10. Bxd6 Qxd6 11. Qc2 h6 12. Rfe1 Rae8 13. h3 Bd7
14. Nf1 Re6 15. Bf5 Rxe1 16. Rxe1 Bxf5 17. Qxf5 Ne7 18. Qe5 Ng6 19. Qxd6 cxd6
20. Ng3 Re8 21. Rxe8+ Nxe8 22. Nf5 Kf8 23. Kf1 Ne7 24. N3h4 Nxf5 25. Nxf5 f6
26. Ke2 Kf7 27. g4 Ke6 28. f4 h5 29. Ne3 hxg4 30. f5+ Kd7 31. hxg4 Kc6 32. Kf3
Nc7 33. Kf4 Kd7 34. Kg3 Ke7 35. Kh4 Kf7 36. Kh5 b6 37. a4 a6 38. b4 b5 39. a5
Kg8 40. Kg6 Kf8 41. Ng2 Kg8 42. Nf4 Kf8 43. Nh5 Ne8 44. Nxg7 Nxg7 45. Kxf6 Ne8+
46. Ke6 Kg7 47. g5 Kh7 48. f6 Kg6 49. Ke7 Ng7 50. fxg7 Kxg7 51. Kxd6 Kg6 52.
Kxd5 Kxg5 53. Ke6 1-0

[Event "Detroit (MI Op/1a/9)"]
[Site "?"]
[Date "1990.??.??"]
[Round "?"]
[White "Brady, Lindell"]
[Black "Avery, Robert W"]
[Result "1/2-1/2"]
[WhiteElo "1930"]
[BlackElo "2205"]
[PlyCount "107"]
[EventDate "1990.??.??"]

1. e4 e5 2. Nf3 Nc6 3. Bb5 Bc5 4. O-O Nd4 5. Bc4 d6 6. c3 Nxf3+ 7. Qxf3 Qe7 8.
d3 Bd7 9. Be3 Nf6 10. Nd2 b5 11. Bb3 O-O 12. h3 Bxe3 13. fxe3 c5 14. Rf2 a5 15.
a3 a4 16. Ba2 Be6 17. Bxe6 Qxe6 18. Qf5 Qxf5 19. Rxf5 Rfb8 20. Raf1 Ra7 21. g4
h6 22. R1f2 Ne8 23. h4 Rd7 24. h5 f6 25. Kg2 Nc7 26. Kg3 Ne6 27. Re2 Ng5 28.
Nf3 Nxf3 29. Rxf3 b4 30. axb4 cxb4 31. cxb4 Rc7 32. Rff2 Rxb4 33. Rc2 Rcb7 34.
Rfd2 Kf7 35. Rf2 Ke6 36. Rfd2 Kd7 37. Kf3 R7b5 38. Kg3 Rc5 39. Rxc5 dxc5 40.
Rc2 Kc6 41. Kf3 Kb5 42. Ke2 c4 43. d4 Rb3 44. d5 Kc5 45. Rd2 a3 46. bxa3 Rxa3
47. d6 Ra8 48. d7 Rd8 49. Rd5+ Kb4 50. Kd2 Kb3 51. Rb5+ Ka4 52. Rd5 Kb3 53.
Rb5+ Ka4 54. Rd5 1/2-1/2

[Event "Detroit (MOR/3/11)"]
[Site "?"]
[Date "1990.??.??"]
[Round "?"]
[White "Boyce, Alroy"]
[Black "Stanulis, T."]
[Result "1-0"]
[WhiteElo "1690"]
[BlackElo "1605"]
[PlyCount "37"]
[EventDate "1990.??.??"]

{3/(11)} 1. e4 c5 2. Nf3 Nc6 3. d4 cxd4 4. Nxd4 e6 5. Nb5 a6 6. Nd6+ Bxd6 7.
Qxd6 Qe7 8. Qg3 Qf6 9. Nc3 h6 10. Bd3 Nge7 11. Be3 d5 12. exd5 exd5 13. O-O-O
Be6 14. f4 b5 15. Rhe1 b4 16. Ne2 O-O 17. Nd4 Nxd4 18. Bxd4 Nf5 19. Bxf5 1-0

[Event "Detroit (MOR/1a/15)"]
[Site "?"]
[Date "1990.??.??"]
[Round "?"]
[White "Boyce, Alroy"]
[Black "Stanulis, T."]
[Result "1-0"]
[WhiteElo "1690"]
[BlackElo "1605"]
[PlyCount "75"]
[EventDate "1990.??.??"]

1. e4 e6 2. d4 d6 3. Nf3 Be7 4. Nc3 Nf6 5. Bc4 d5 6. Bd3 dxe4 7. Nxe4 Nxe4 8.
Bxe4 c6 9. Bf4 Nd7 10. Qd2 Nf6 11. Bd3 h6 12. O-O-O Nd5 13. Be5 Bf6 14. Kb1 a5
15. a3 Bd7 16. h4 Rg8 17. g4 Be7 18. g5 h5 19. Rdg1 Qb6 20. Ka1 g6 21. c4 Nb4
22. c5 Qa7 23. Bc4 b5 24. cxb6 Qxb6 25. Bf6 Bd6 26. Ne5 Nd5 27. Rh3 Qa7 28. Rf3
Nb6 29. Bd3 Rb8 30. Rc1 Na4 31. Rc2 Qxd4 32. Nxd7 Kxd7 33. Bxd4 Rgf8 34. Qxa5
Ra8 35. Rxf7+ Be7 36. Rxe7+ Kxe7 37. Qc7+ Ke8 38. Bxg6+ 1-0

[Event "Detroit (MOR/6/5)"]
[Site "?"]
[Date "1990.??.??"]
[Round "?"]
[White "Boyce, Alroy"]
[Black "Rincon, Helio"]
[Result "1-0"]
[WhiteElo "1690"]
[BlackElo "1765"]
[PlyCount "99"]
[EventDate "1990.??.??"]

{6/(5)} 1. e4 e5 2. Nf3 Nc6 3. d4 exd4 4. Bc4 Be7 5. O-O d6 6. Re1 Ne5 7. Nxe5
dxe5 8. Qh5 g6 9. Qxe5 f6 10. Qb5+ Kf8 11. Qb3 h5 12. Bxg8 Rxg8 13. Bh6+ Rg7
14. Bxg7+ Kxg7 15. Nd2 c6 16. Nf3 Qc7 17. Rad1 c5 18. Qc4 b5 19. Qd3 Be6 20. b3
Rd8 21. Qxb5 Rb8 22. Qe2 Rf8 23. h3 g5 24. e5 f5 25. Nd2 g4 26. hxg4 hxg4 27.
Nc4 Bg5 28. Qd3 Rh8 29. c3 Kg6 30. Nd2 Qh7 31. Kf1 Qh1+ 32. Ke2 Qxg2 33. Rg1
Qc6 34. cxd4 Rd8 35. Rxg4 Rxd4 36. Rxg5+ Kxg5 37. Nf3+ Kg6 38. Nxd4 cxd4 39.
Qg3+ Kf7 40. Rxd4 Qa6+ 41. Qd3 Qxa2+ 42. Kf3 Qa5 43. Kf4 Qc7 44. Qd1 Kf8 45.
Rd6 Qf7 46. Rd8+ Kg7 47. Qg1+ Qg6 48. Qxg6+ Kxg6 49. Rd6 Kf7 50. b4 1-0

[Event "Detroit (MOR/5/12)"]
[Site "?"]
[Date "1990.??.??"]
[Round "?"]
[White "Boyce, Alroy"]
[Black "Moceri, Paul"]
[Result "1-0"]
[WhiteElo "1690"]
[BlackElo "1605"]
[PlyCount "59"]
[EventDate "1990.??.??"]

{5/(12)} 1. e4 e5 2. Nf3 Nc6 3. d4 exd4 4. Bc4 h6 5. O-O Bc5 6. e5 d5 7. exd6
Qxd6 8. Re1+ Nge7 9. Nbd2 Bf5 10. Ne4 Bxe4 11. Rxe4 O-O-O 12. Bxf7 d3 13. Bf4
dxc2 14. Qxc2 Nb4 15. Rxb4 Qc6 16. Rc4 b6 17. b4 Rhf8 18. bxc5 Rxf7 19. cxb6
Rxf4 20. Rxc6 Nxc6 21. Qxc6 axb6 22. Qa8+ Kd7 23. Rd1+ Ke6 24. Qxd8 Rxf3 25.
gxf3 Kf5 26. Re1 c5 27. Re4 c4 28. Qd5+ Kg6 29. Re6+ Kh7 30. Qf5+ 1-0

[Event "Detroit (MCO/2/5)"]
[Site "?"]
[Date "1990.??.??"]
[Round "?"]
[White "Boyce, Alroy"]
[Black "Andrews, Steve"]
[Result "0-1"]
[WhiteElo "1825"]
[BlackElo "2205"]
[PlyCount "72"]
[EventDate "1990.??.??"]

{2/(5)} 1. e4 Nf6 2. e5 Nd5 3. d4 d6 4. c4 Nb6 5. f4 dxe5 6. fxe5 Nc6 7. Be3
Bf5 8. Nc3 e6 9. Nf3 Bg4 10. Be2 Bxf3 11. Bxf3 Nxc4 12. Bxc6+ bxc6 13. Qa4 Nxe3
14. Qxc6+ Ke7 15. Qc5+ Kd7 16. Qb5+ c6 17. Qb7+ Qc7 18. Qxa8 g6 19. Ke2 Nf5 20.
Ne4 Bg7 21. Nc5+ Ke7 22. Qb7 Qxb7 23. Nxb7 Nxd4+ 24. Kf2 Rb8 25. Rad1 Bxe5 26.
Rhe1 Bg7 27. Nc5 Rxb2+ 28. Kg3 Rxa2 29. Re4 Rc2 30. Na6 c5 31. Nc7 f5 32. Re3
g5 33. Ra3 Be5+ 34. Kh3 Nf3 35. Nd5+ exd5 36. Rxa7+ Kf8 0-1

[Event "Detroit (MOR/6/39)"]
[Site "?"]
[Date "1990.??.??"]
[Round "?"]
[White "Borhani-Azar, C."]
[Black "Neely, Richard"]
[Result "1/2-1/2"]
[WhiteElo "1605"]
[BlackElo "1605"]
[PlyCount "76"]
[EventDate "1990.??.??"]

{6/(39)} 1. e4 d6 2. Nf3 Bg4 3. h3 Bxf3 4. Qxf3 Nf6 5. Nc3 g6 6. Bc4 Nc6 7. O-O
Bg7 8. Bb5 O-O 9. Bxc6 bxc6 10. e5 Nd7 11. Qxc6 Nxe5 12. Qb7 a6 13. Nd5 Nd7 14.
Qxc7 Qxc7 15. Nxc7 Rac8 16. Nxa6 Rxc2 17. Rb1 Rc6 18. Nb4 Rc5 19. b3 Nb6 20.
Re1 e6 21. d3 Re5 22. Rxe5 Bxe5 23. Nc6 Bf6 24. Ba3 Ra8 25. Bxd6 Rxa2 26. Ne7+
Kg7 27. Nc6 Rd2 28. Be5 Rxd3 29. Bxf6+ Kxf6 30. b4 Rd6 31. Na5 Nc4 32. b5 Rd5
33. Rb3 Nb6 34. Rb4 h5 35. f3 g5 36. Kf2 Ke5 37. Ke3 f5 38. g3 Rc5 1/2-1/2

[Event "Detroit (MOR/4/39)"]
[Site "?"]
[Date "1990.??.??"]
[Round "?"]
[White "Borhani-Azar, C."]
[Black "Morenobaca, F."]
[Result "1-0"]
[WhiteElo "1605"]
[BlackElo "1655"]
[PlyCount "137"]
[EventDate "1990.??.??"]

{4/(39)} 1. e4 e5 2. Nf3 Nc6 3. Bb5 d6 4. Bxc6+ bxc6 5. O-O Be6 6. d3 Nf6 7.
Nc3 Be7 8. Be3 O-O 9. b3 Nd7 10. d4 exd4 11. Nxd4 d5 12. Nxc6 Qe8 13. Nxe7+
Qxe7 14. exd5 Bf5 15. Nb5 Nb6 16. c4 a6 17. Nd4 Bd7 18. Nc2 Bf5 19. Re1 Bxc2
20. Qxc2 Qf6 21. Bc5 Rfe8 22. Rxe8+ Rxe8 23. Rd1 Nd7 24. Bd4 Qe7 25. Qc3 Qg5
26. Re1 Rxe1+ 27. Qxe1 Kf8 28. h3 g6 29. Qe3 Qxe3 30. Bxe3 Ke7 31. f4 Kd6 32.
Kf2 Nf6 33. Kf3 c6 34. Bd4 Nd7 35. dxc6 Kxc6 36. Ke4 f5+ 37. Ke3 h5 38. Kf3 Nf8
39. g4 Ne6 40. Be3 hxg4+ 41. hxg4 fxg4+ 42. Kxg4 Kd6 43. f5 gxf5+ 44. Kxf5 Nd8
45. Ke4 Nc6 46. Bc1 Ke6 47. Ba3 a5 48. Kd3 Ke5 49. Kc3 Ke6 50. b4 axb4+ 51.
Bxb4 Kd7 52. c5 Kc7 53. Kc4 Kb7 54. Kb5 Na7+ 55. Ka4 Nc6 56. Ba5 Ka6 57. Be1
Nd4 58. Bf2 Ne2 59. Kb4 Kb7 60. a4 Kc6 61. Kc4 Nf4 62. a5 Nh3 63. Be3 Kc7 64.
Kb5 Kb7 65. a6+ Kc7 66. c6 Kb8 67. Kb6 Ka8 68. c7 Nf4 69. c8=Q# 1-0

[Event "Detroit (MOR/2/61)"]
[Site "?"]
[Date "1990.??.??"]
[Round "?"]
[White "Borhani-Azar, C."]
[Black "Franzen, K."]
[Result "1-0"]
[WhiteElo "1605"]
[BlackElo "1605"]
[PlyCount "45"]
[EventDate "1990.??.??"]

{2/(61)} 1. e4 e5 2. Nf3 Nc6 3. Bb5 a6 4. Bxc6 dxc6 5. d3 h6 6. Nxe5 Nf6 7. O-O
Bc5 8. Nf3 Bg4 9. h3 Bxf3 10. Qxf3 O-O 11. Qg3 Kh7 12. Nc3 Nh5 13. Qe5 Bd4 14.
Qxh5 Qd6 15. Bd2 b5 16. a3 Bc5 17. b4 Ba7 18. Qg4 Bb8 19. Ne2 Ba7 20. Bc3 Rg8
21. Qf5+ g6 22. Qxf7+ Rg7 23. Qxg7# 1-0

[Event "Detroit (MOR/5/13)"]
[Site "?"]
[Date "1990.??.??"]
[Round "?"]
[White "Boldrick, Thomas"]
[Black "Stanulis, T."]
[Result "0-1"]
[WhiteElo "1680"]
[BlackElo "1605"]
[PlyCount "72"]
[EventDate "1990.??.??"]

{5/(13)} 1. d4 d5 2. c4 e6 3. Nc3 Nf6 4. Bf4 Be7 5. Nf3 O-O 6. e3 Ne4 7. cxd5
exd5 8. Nxe4 dxe4 9. Ne5 Bb4+ 10. Ke2 b6 11. Qb3 c5 12. a3 Ba6+ 13. Kd1 Ba5 14.
Bxa6 Nxa6 15. Nc6 Qd7 16. Nxa5 bxa5 17. Kd2 cxd4 18. Rhd1 Nc5 19. Qc4 Rac8 20.
Ke2 d3+ 21. Kf1 Qf5 22. Qb5 Qf6 23. b4 a6 24. Qc4 Na4 25. Qxe4 Nc3 26. Qxd3
Nxd1 27. Rxd1 Rfd8 28. Qb1 axb4 29. Re1 bxa3 30. Qb7 Qc6 31. Rb1 Qxb7 32. Rxb7
Rc1+ 33. Ke2 a2 34. Be5 a1=Q 35. Bxa1 Rxa1 36. Ra7 g6 0-1

[Event "Detroit (MOR/7/27)"]
[Site "?"]
[Date "1990.??.??"]
[Round "?"]
[White "Boldrick, Thomas"]
[Black "Miller, Dan"]
[Result "1/2-1/2"]
[WhiteElo "1680"]
[BlackElo "1605"]
[PlyCount "94"]
[EventDate "1990.??.??"]

{7/(27)} 1. d4 d5 2. c4 Nc6 3. Nc3 e6 4. Bf4 Bd6 5. Bxd6 Qxd6 6. Nf3 Nf6 7. e3
Ne7 8. Bd3 Bd7 9. c5 Qc6 10. Bb5 Qxb5 11. Nxb5 Bxb5 12. Qb3 a6 13. a4 Bc6 14.
Ne5 Rb8 15. Nxc6 Nxc6 16. O-O Ne4 17. Qd1 O-O 18. f3 Nf6 19. Qd2 a5 20. Rae1
Rfd8 21. g4 h6 22. h4 Nh7 23. Qh2 Rbc8 24. Qf4 Nb4 25. Rd1 Rf8 26. g5 h5 27. e4
g6 28. Qd2 Rfd8 29. Rfe1 Nc6 30. exd5 Rxd5 31. Qh2 Nxd4 32. Qf2 Rcd8 33. Kg2
Nb3 34. Rxd5 Rxd5 35. Re2 Nxc5 36. Rd2 Rxd2 37. Qxd2 Nxa4 38. Qd8+ Nf8 39. b3
Nc5 40. Qxc7 Nxb3 41. Qxb7 Nd4 42. Qe4 Nf5 43. Kh3 Kg7 44. Qe5+ Kg8 45. f4 Nd7
46. Qc7 Nf8 47. Qd8 Kg7 1/2-1/2

[Event "Detroit (MOR/3/15)"]
[Site "?"]
[Date "1990.??.??"]
[Round "?"]
[White "Boldrick, Thomas"]
[Black "Endres, John"]
[Result "1-0"]
[WhiteElo "1680"]
[BlackElo "1605"]
[PlyCount "52"]
[EventDate "1990.??.??"]

{3/(15)} 1. d4 Nf6 2. c4 g6 3. Nc3 d5 4. Bf4 Bg7 5. Nf3 O-O 6. e3 c5 7. Bd3 Nc6
8. O-O Re8 9. cxd5 cxd4 10. dxc6 dxc3 11. c7 Qd7 12. bxc3 Nd5 13. Ne5 Qxc7 14.
Bc4 e6 15. Qa4 Rd8 16. Bxd5 Bxe5 17. Bxe5 Qxe5 18. Bf3 Bd7 19. Qd4 Qc7 20. Rfc1
Bc6 21. Qf6 Rac8 22. Rab1 Bxf3 23. Qxf3 Rd3 24. Rxb7 Rxc3 25. Rxc3 Qxc3 26.
Qxf7+ Kh8 1-0